1167 1346 1702 1250 1766 1409 1121 1328 1361 1186 1732 1337 1939 1422 1330 1157 1813 1306 1074 1246 1740 1912 1664 1302 1636 1714 1165 1684 1231 1250 1703 1058 1912 1029 1922 1827 1932 1522 1979 1621 1311 1982 1386 1581 1771 1177 1238 1990 1600 1136 1295 1182 1701 1822 1527 1293 1777 1315 1940 1779 1728 1185 1192 1116 1193 1314 1215 1715 1200 1596 1978 1566 1163 1917 1779 1814 1653 1473 1174 1639 1843 1857 1450 1975 1106 1378 1459 1839 1827 1725 1452 1111 1538 1950 1174 1080 1541 1075 1507 BCNSPRNW ULIB Ver.6.0+V

เปลี่ยนเป็นภาษาไทย

Change to English
 แสดงรายละเอียดบรรณานุกรม
  กลับหน้าหลัก

Brief Record : Get Marc (ISO 2709) : E-mail record : QR code < ปิดหน้าต่าง
LEADER : 00000nam 2200000uu 4500
001    13399115002
003     ULIB
008    120628s2549||||th 000 0 tha d
020    9749984978
090    นว.^bอ943ก
100 0  Adra
245 00 เกี่ยวหัวใจที่ไกปืน^cAdra
260    กรุงเทพฯ :^bแจ่มใส,^c2549
945    ^p179^l0^i020517
999 ^a ใช้งานได้ทุกระบบ
รายการนี้ยังไม่มีแท็ก
คุณยังไม่ได้ล็อกอิน คุณสามารถมีกิจกรรมร่วมกับเว็บไซต์ได้ แต่ต้องล็อกอินก่อน ::
  ล็อกอิน

รายการสื่อสารสนเทศ

ลำดับที่ ประเภท เลขเรียก/บาร์โค้ด สถานที่ สถานะ
- ไม่พบข้อมูล -

BibComment


ยังไม่เคยถูกคอมเมนท์

คอมเมนท์ทรัพยากรรายการนี้
  คอมเมนท์: เกี่ยวหัวใจที่ไกป..


 Copyright 2026. Bcnsprnw @Library